Music Quiz

Random Music or Minefield Quiz
Score 0/11 Timer 05:00
0 Plays Today
% Correct
Eric Clapton played on the Beatles' ('While My Guitar Gently Weeps').
48.8%
'I Will Survive' was originally released as a B-side
46%
Elton John married a woman in Sydney, Australia.
45.8%
Farrokh Bulsara became Freddie Mercury.
44.9%
Diana Ross recorded 'Someday We'll be Together' without the other 2 Supremes.
44.8%
ABBA tried out for Eurovision with 'Ring Ring', but failed.
44.7%
Neil Young was born in Canada.
44.3%
Actor Richard Harris scored the first hit version of 'Macarthur Park'.
43.5%
The group America formed in London, England.
42.7%
Roberta Flack's 'First Time Ever I Saw Your Face' was first featured on her 1969 album 'First Take'.
41.6%
Cliff Richard was born in India.
37.2%

You're not logged in!

Compare scores with friends on all Sporcle quizzes.
OR
Log In

Sporcle TV

Today on Sporcle TV


Watch our educational content, quiz creation guides, and fun videos on Sporcle TV.

Show Comments

Extras

Top Quizzes Today


Score Distribution

Paid Content

Your Account Isn't Verified!

In order to create a playlist on Sporcle, you need to verify the email address you used during registration. Go to your Sporcle Settings to finish the process.

Report this User

Report this user for behavior that violates our Community Guidelines.

Details: